000 00791nam a2200193 a 4500
001 000041747
005 20201002035731.0
008 131016s2004 sp 000 0 spa d
020 _a8400082400
040 _aDO-SdBNP
_bspa
_cBNPHU
100 1 _aFernández Tejero, Emilia
_965573
245 1 4 _aLas masoras del Libro del Génesis :
_bcódice M1 de la Universidad Complutense de Madrid /
_cpor Emilia Fernádez Tejero.
260 _aMadrid :
_bCSIC,
_c2004.
300 _a453 p. ;
_c27 cm.
490 1 _aTextos y Estudios "Cardenal Cisneros" de la Biblia Políglota Matritense
_v73
500 _aTexto en español y hebreo
710 2 _aConsejo de Investiagaciones Científicas (España)
_968596
830 0 _aTextos y Estudios "Cardenal Cisneros" de la Biblia Políglota Matritense
_v73
_915280
999 _c41236
_d41236